000 00295nam a2200145Ia 4500
100 _aMillman/J
250 _a2
942 _cBK
654 _amicroelectronics
245 _aMicroelectronics
260 _bMc Graw Hill
_aNew Jersey
_c1987
300 _a1001
546 _aENGLISH
999 _c28072
_d28072